[Event "Reviakino"]
[Site "Reviakino"]
[Date "2017.12.26"]
[Round "9"]
[White "Poletova, Marianna"]
[Black "Domogaev, Sergey"]
[Result "0-1"]
[WhiteElo "2180"]
[BlackElo "2412"]
[PlyCount "100"]
[EventDate "2017.12.22"]
[EventType "tourn"]
[EventRounds "13"]
[EventCountry "RUS"]
[SourceTitle "CBM 182 Extra"]
[Source "ChessBase"]
[SourceDate "2018.02.23"]
[SourceVersion "1"]
[SourceVersionDate "2018.02.23"]
[SourceQuality "1"]

1. e4 e6 2. d4 d5 3. e5 c5 4. c3 Nc6 5. Nf3 Qb6 6. Be2 cxd4 7. cxd4 Nh6 8. 0-0 Nf5 9. Be3 Qxb2 10. Nbd2 Nfxd4 11. Bxd4 Nxd4 12. Nxd4 Qxd4 13. Bb5+ Ke7 14. Re1 a6 15. Be2 Bd7 16. Rb1 Bc6 17. Bf3 Kd7 18. Qc1 Bb4 19. Nb3 Qc4 20. Qxc4 dxc4 21. Red1+ Kc7 22. Bxc6 bxc6 23. Nd4 Rab8 24. Rbc1 c3 25. Kf1 Rhd8 26. Ke2 Rd5 27. f4 Rbd8 28. Nf3 Kb6 29. Rxd5 Rxd5 30. a3 Ba5 31. Ke3 Kc5 32. Ng5 Kc4 33. Nxf7 Bb6+ 34. Ke4 Bc5 35. Ng5 Bxa3 36. Rxc3+ Kxc3 37. Nxe6 a5 38. Nxg7 a4 39. e6 Bc5 40. Nf5 Rd1 41. Ng3 Re1+ 42. Kf5 a3 43. Ne4+ Kd4 44. Nd2 Kd5 45. Nb3 Be7 46. g4 Rxe6 47. g5 Re3 48. Na1 Rh3 49. g6 Rh5+ 50. Kg4 hxg6 0-1